• 首页
  • 本馆介绍
  • 公告通知
  • 最新文献
  • 馆藏检索
  • 电子资源
  • 读者导购
  • 参考咨询
  • 我的图书馆
  • 登录
  • 详细信息显示
  • 放入我的书架
  • 预约/预借图书
  • 作者相关作品
  • 分类相关作品
  • 丛书相关作品
  • 出版社相关作品

书目信息

  • 表格格式
  • 工作单格式
  • 卡片格式
题名:
静电纺丝传感界面
    
 
作者: 周翠松 著
分册:  
出版信息: 北京   化学工业出版社  2017.6
页数: 212页
开本: 24cm
丛书名:
单 册:
中图分类: TQ340.64 , TP212.2
科图分类:
主题词: 静电--纺丝--化学传感器--界面
电子资源:
ISBN: 978-7-122-29317-6
000 00946nam0 2200253 450
001 0400004216
005 20171023155643.0
010    @a978-7-122-29317-6@dCNY69.00
100    @a20170802d2017 em y0chiy50 ea
101 0  @achi
102    @aCN@b110000
105    @aa z 000yy
106    @ar
200 1  @a静电纺丝传感界面@9jing dian fang si zhuan gan jie mian@dElectrospun sensing interfaces@zeng@f周翠松等著
210    @a北京@c化学工业出版社@d2017.6
215    @a212页@c图@d24cm
330    @a全书围绕静电纺丝传感界面的构建及应用进行了详细介绍,内容涉及静电纺丝技术的基本原理、化学传感界面的制备、表面功能化修饰技术,电化学、光化学等多种信号放大策略,以及在化学传感领域的应用研究。
510 1  @aElectrospun sensing interfaces@zeng
606 0  @a静电@x纺丝@x化学传感器@x界面
690    @aTQ340.64@v5
690    @aTP212.2@v5
701  0 @a周翠松@9zhou cui song@4著
801  0 @aCN@b91MARC@c20171023
905    @b1028111-5@dTQ340.64@f5@e21
    
    静电纺丝传感界面=Electrospun sensing interfaces/周翠松等著.-北京:化学工业出版社,2017.6
    212页:图;24cm
    
    
    ISBN 978-7-122-29317-6:CNY69.00
    全书围绕静电纺丝传感界面的构建及应用进行了详细介绍,内容涉及静电纺丝技术的基本原理、化学传感界面的制备、表面功能化修饰技术,电化学、光化学等多种信号放大策略,以及在化学传感领域的应用研究。
●
相关链接 在E读中查询图书 在五车中查询图书 在当当中查询图书 在豆瓣中查询图书


正题名:静电纺丝传感界面     索取号:TQ340.64/21         预约/预借

序号 登录号 条形码 馆藏地/架位号 状态 备注
1 1028111   210281112   第二样本阅览室/ [索取号:TQ340.64/21] 在馆    
2 1028112   210281121   密集书库-化学系/ [索取号:TQ340.64/21] 在馆    
3 1028113   210281130   第三借阅区/ [索取号:TQ340.64/21] 在馆    
4 1028114   210281149   第三借阅区/ [索取号:TQ340.64/21] 在馆    
5 1028115   210281158   第三借阅区/ [索取号:TQ340.64/21] 在馆    
唐山师范学院图书馆 欢迎您!
大连网信软件有限公司© 版权所有